01839cam a22004214i 4500003000900000005001700009008004100026020001500067020001800082035002000100049000900120082002000129100004900149245009100198264004000289300006100329336002100390337002500411338002300436504003900459504003300498505033900531526000900870526000900879526000800888526000800896526000800904526000800912650002800920650001400948910002800962942001400990994001401004596000601018999016901024980005501193952016901248PE-LiUPU20250731175626.0181220s2018 xxua rb 001 0 eng  a0897571088 a9780897571081 a(Sirsi) a251114 aPRUA04a499.95bS842231 aStudevent-Hickman, Benjamin,d1969-,eautor.10aSumerian texts from Ancient Iraq :bfrom Ur III to 9/11 /cBenjamin Studevent-Hickman. 1a[Atlanta] :bLockwood Press,c2018. axiii, 241 páginas :bilustraciones ;c29 centímetros atext2rdacontent aunmediated2rdamedia avolume2rdacarrier aBibliografía: páginas 219-222. aÍndice: páginas 223-241.0 aIntroduction: provenance, provenience, and basic content -- Agricultural management in the archive -- Additional data of note from the archive: the mayor and the men of simanum -- Conclusion: historical context and the question of provenience revisited -- Catalog of the tablets -- The aradmu texts in transliteration and translation. aP145 aP127 aP97 aP35 aP14 aP07 4aLengua sumeriavTextos. 4aComercio. adbmbrricrrid20181220 2ddccBOOK aC0bPEPRU a1 a499.95 S84wDEWEYc30564i79375f2021-11-11g4lCCODEBUL1mBULp68.00r0sYtBOOKu2018-12-20xTEOLOGIAPP850COMPRA1FCOMPR2o.STAFF. Colección Teologíad30564 81gALBERTO SANCHEZ Responsable de Automatización r2025-12-02 00:00:00i5l0o499.95 S84p79375te1v73.00w2018-12-20xPGyBKzinventario-2023-12-13102ddc50708GENfP85aBULbBULcGENd2018-12-20eCOMPRAg68.00